Tribal women and development (Record no. 938)
[ view plain ]
| 000 -LEADER | |
|---|---|
| fixed length control field | 00640nam a2200229Ia 4500 |
| 020 ## - INTERNATIONAL STANDARD BOOK NUMBER | |
| ISBN | 764650 |
| 082 ## - DEWEY DECIMAL CLASSIFICATION NUMBER | |
| Classification number | 305.420954 TRI; |
| 100 ## - MAIN ENTRY--AUTHOR NAME | |
| Personal name | Singh, J.P./s |
| 245 #0 - TITLE STATEMENT | |
| Title | Tribal women and development |
| 260 ## - PUBLICATION, DISTRIBUTION, ETC. (IMPRINT) | |
| Place of publication | Udaipur |
| Name of publisher | Tribal Area Development Department |
| Year of publication | 1985 |
| 300 ## - PHYSICAL DESCRIPTION | |
| Number of Pages | xx, 310 p. |
| 440 ## - SERIES STATEMENT/ADDED ENTRY--TITLE | |
| Title | Special Number of Tribe ; 17 no.1-4 |
| 650 ## - SUBJECT ADDED ENTRY--TOPICAL TERM | |
| Topical Term | Santal (South Asian people) - West Bengal |
| 650 ## - SUBJECT ADDED ENTRY--TOPICAL TERM | |
| Topical Term | Women, Bhil (Indic people) |
| 650 ## - SUBJECT ADDED ENTRY--TOPICAL TERM | |
| Topical Term | Women-Education-India |
| 650 ## - SUBJECT ADDED ENTRY--TOPICAL TERM | |
| Topical Term | Women in development |
| 650 ## - SUBJECT ADDED ENTRY--TOPICAL TERM | |
| Topical Term | Tribes - India |
| 700 ## - ADDED ENTRY--PERSONAL NAME | |
| Personal name | Singh, J.P. |
| 700 ## - ADDED ENTRY--PERSONAL NAME | |
| Personal name | Vyas, N.N. |
| 700 ## - ADDED ENTRY--PERSONAL NAME | |
| Personal name | Mann, R.S. |
| 942 ## - ADDED ENTRY ELEMENTS (KOHA) | |
| Koha item type | Books |
| Withdrawn status | Lost status | Damaged status | Not for loan | Home library | Current library | Date acquired | Bill Date | Full call number | Accession Number | Price effective from | Koha item type |
|---|---|---|---|---|---|---|---|---|---|---|---|
| NASSDOC Library | NASSDOC Library | 08/06/2004 | 2004-10-22 | 305.420954 TRI; | 27584 | 18/04/2019 | Books |
